000 00305 a2200157 4500
001 163170
020 _a
040 _cMagnum
100 _aEdicoes Claudia
240 1 0 _aMeu bebe
_lpor
245 1 0 _aMeu bebe
362 0 _a1899
440 1 _aAbril
697 _aCIENCIAS MEDICAS SAUDE
942 _cBK
999 _c163170
_d163170